| 000 | 00399cam a2200157ua 4500 | ||
|---|---|---|---|
| 041 |
_aeng _h |
||
| 082 |
_a823.308 _bPRA/HE |
||
| 100 | _aPraz, Mario . | ||
| 245 |
_aHero in eclipse: in Victorian fiction / _cMario praz. _hTextual Documents |
||
| 250 |
_a1 / _b. |
||
| 260 |
_aLondon : _bOxford University Press , _c1956. |
||
| 300 | _a478 ; . | ||
| 504 | _a | ||
| 942 | _cBK | ||
| 999 |
_c8110 _d8110 |
||